书目信息 |
| 题名: |
实用电工电路图集
|
|
| 作者: | 王敏 , 马云华 , 蔡玲 编 | |
| 分册: | ||
| 出版信息: | 北京 中国电力出版社 2004.1 |
|
| 页数: | 14, 237页 | |
| 开本: | 26cm | |
| 丛书名: | ||
| 单 册: | ||
| 中图分类: | TM13 , TM13-64 | |
| 科图分类: | ||
| 主题词: | 电气设备--电路图--图集 , 电气设备 , 电路图 | |
| 电子资源: | ||
| ISBN: | 7-5083-1757-2 | |
| 000 | 00743nam0 2200265 45 | |
| 001 | 012004000000 | |
| 005 | 20041102095338.08 | |
| 010 | @a7-5083-1757-2@dCNY 26.00 | |
| 100 | @a20040918d2004 em y0chiy0121 ea | |
| 101 | 0 | @achi |
| 102 | @aCN@b110000 | |
| 105 | @aa z 000yy | |
| 200 | 1 | @a实用电工电路图集@Ashi yong dian gong dian lu tu ji@f王敏, 马云华, 蔡玲编 |
| 210 | @a北京@c中国电力出版社@d2004.1 | |
| 215 | @a14, 237页@c图@d26cm | |
| 606 | 0 | @a电气设备@x电路图@j图集 |
| 606 | 0 | @a电气设备 |
| 606 | 0 | @a电路图 |
| 690 | @aTM13@v4 | |
| 690 | @aTM13-64@v3 | |
| 701 | 0 | @a王敏@Awang min@4编 |
| 701 | 0 | @a马云华@Ama yun hua@4编 |
| 701 | 0 | @a蔡玲@Acai ling@4编 |
| 801 | 0 | @aCN@bQSSKxf@c20041102 |
| 905 | @a10447@dTM13-64@eW285 | |
| 实用电工电路图集/王敏, 马云华, 蔡玲编.-北京:中国电力出版社,2004.1 |
| 14, 237页:图;26cm |
| ISBN 7-5083-1757-2:CNY 26.00 |
| ● |
| 相关链接 |
|
|
|
正题名:实用电工电路图集
索取号:TM13-64/W285
 
预约/预借
| 序号 | 登录号 | 条形码 | 馆藏地/架位号 | 状态 | 备注 |
| 1 | 424736 | 204247369 | 自科库301/301自科库 9排2列2层/ [索取号:TM13-64/W285] | 在馆 | |
| 2 | 424737 | 204247378 | 自科库301/301自科库 9排2列2层/ [索取号:TM13-64/W285] | 在馆 |